| 000 | 00580nam a2200217I 4500 | ||
|---|---|---|---|
| 999 |
_c5046 _d5046 |
||
| 001 | 22052 | ||
| 003 | GBCCL | ||
| 005 | 20241126110532.0 | ||
| 008 | 780414s1946 xx 000 0 eng d | ||
| 035 | _a(OCoLC)03801545 | ||
| 040 |
_aTLT _cTLT |
||
| 049 | _aLBBK | ||
| 082 |
_a236 _bRIM |
||
| 092 | _bR577s | ||
| 100 | 1 |
_aRimmer, Harry, _d1890-1952. _99105 |
|
| 245 | 1 | 4 |
_aThe shadow of coming events, _cby Harry Rimmer. |
| 260 |
_aGrand Rapids, Mich., _bWm. B. Eerdmans publishing co., _c1946. |
||
| 300 |
_a294 p. _c20 cm. |
||
| 630 | 0 | 0 |
_aBible _xProphecies. _9457 |
| 942 |
_2ddc _cBK |
||